|
|
|
|
| LEADER |
00000nas a2200000 a 4500 |
| 001 |
ssj0067179 |
| 003 |
WaSeSS |
| 005 |
20200512172242.0 |
| 006 |
m d |
| 007 |
cr n |
| 008 |
081210c20029999ck ar pss 0 0spa c |
| 010 |
|
|
|a 2009263100
|
| 035 |
|
|
|a (WaSeSS)ssj0067179
|
| 040 |
|
|
|a CGU
|b eng
|c CGU
|d CGU
|d TXA
|d OCLCQ
|d OCLCO
|d OCLCQ
|d OCLCF
|d OCLCO
|d OCLCQ
|d WaSeSS
|
| 042 |
|
|
|a pcc
|
| 050 |
1 |
4 |
|a BF38.5
|b P45
|
| 245 |
0 |
0 |
|a Pensamiento psicológico
|h [electronic resource].
|
| 246 |
1 |
3 |
|a Revista pensamiento psicológico
|
| 260 |
|
|
|a Cali, Colombia :
|b Pontificia Universidad Javeriana
|
| 310 |
|
|
|a Semiannual,
|b 2006-
|
| 321 |
|
|
|a Annual,
|b -2005
|
| 362 |
1 |
|
|a Print began with no. 1, published in 2002?
|
| 506 |
|
|
|a License restrictions may limit access.
|
| 538 |
|
|
|a Mode of access: World Wide Web.
|
| 588 |
|
|
|a Description based on: Año/Vol. 1, número 005 (julio/diciembre 2005); title from PDF article running title (REDALYC site, viewed on Jan. 16, 2009).
|
| 588 |
|
|
|a Latest issue consulted: Vol. 3, no. 9 (2009) (viewed Jan. 16, 2009).
|
| 650 |
|
0 |
|a Psychology
|v Periodicals.
|
| 650 |
|
0 |
|a Psychology
|x Methodology
|v Periodicals.
|
| 650 |
|
0 |
|a Psychology, Experimental
|v Periodicals.
|
| 650 |
|
7 |
|a Psychology.
|2 fast
|0 (OCoLC)fst01081447
|
| 650 |
|
7 |
|a Psychology, Experimental.
|2 fast
|0 (OCoLC)fst01081581
|
| 650 |
|
7 |
|a Psychology
|x Methodology.
|2 fast
|0 (OCoLC)fst01081483
|
| 655 |
|
0 |
|a Electronic journals.
|
| 710 |
2 |
|
|a Pontificia Universidad Javeriana.
|
| 776 |
0 |
8 |
|i Print version:
|t Pensamiento psicológico
|x 1657-8961
|
| 856 |
4 |
0 |
|z Full text available from PRISMA Database with HAPI Index: 07/01/2005 to 01/31/2017
|u https://search.proquest.com/publication/237377
|